ბათუმის შოთა რუსთაველის სახელმწიფო უნივერსიტეტის ბიბლიოთეკა

თანამედროვე ზოგადი და მათემატიკური ენათმეცნიერების საკითხები. წ. 2. (ბიბ.ჩანაწერი № 51065)

000 -LEADER
fixed length control field 01222nam a2200229Ia 4500
001 - CONTROL NUMBER
control field 18022
003 - CONTROL NUMBER IDENTIFIER
control field GE_BSU
008 - FIXED-LENGTH DATA ELEMENTS--GENERAL INFORMATION
fixed length control field 181216s||||||||xx |||||||||||||| ||und||
040 ## - CATALOGING SOURCE
Transcribing agency GE_BSU
080 ## - UNIVERSAL DECIMAL CLASSIFICATION NUMBER
Universal Decimal Classification number 81'1
245 ## - TITLE STATEMENT
Title თანამედროვე ზოგადი და მათემატიკური ენათმეცნიერების საკითხები. წ. 2.
245 ## - TITLE STATEMENT
Remainder of title სტატიების კრებული. ეძღვნება ენათმეცნიერთა 10 საერთაშორისო კონგრესს
245 ## - TITLE STATEMENT
Statement of responsibility, etc. რედ. თ. შარაძენიძე
250 ## - EDITION STATEMENT
Edition statement ენათმეცნიერების ინ-ტი
260 ## - PUBLICATION, DISTRIBUTION, ETC.
Place of publication, distribution, etc. თბილისი
260 ## - PUBLICATION, DISTRIBUTION, ETC.
Name of publisher, distributor, etc. მეცნიერება
260 ## - PUBLICATION, DISTRIBUTION, ETC.
Date of publication, distribution, etc. 1967
300 ## - PHYSICAL DESCRIPTION
Extent 196 გვ. 26სმ.
653 ## - INDEX TERM--UNCONTROLLED
Uncontrolled term ზოგადი ენათმეცნიერება; მათემატიკური ლინგვისტიკა
653 ## - INDEX TERM--UNCONTROLLED
Uncontrolled term თანამედროვე ზოგადი და მათემატიკური ენათმეცნიერების საკითხები
942 ## - ADDED ENTRY ELEMENTS (KOHA)
Koha item type წიგნი
ეგზემპლარები
Withdrawn status Lost status Damaged status Not for loan Date acquired Barcode Date last seen Price effective from Koha item type
        2018-12-17 45960 2018-12-17 2018-12-17 წიგნი